书目信息 |
| 题名: |
百年之结
|
|
| 作者: | 肖元恺 著 | |
| 分册: | ||
| 出版信息: | 北京 人民出版社 2001 |
|
| 页数: | 394页 | |
| 开本: | 20cm | |
| 丛书名: | ||
| 单 册: | ||
| 中图分类: | D827 | |
| 科图分类: | ||
| 主题词: | 中美关系--台湾问题--研究 , 中美关系 , 台湾问题 , 外交--中国 | |
| 电子资源: | ||
| ISBN: | 7-01-003382-X | |
| 000 | 00971nam0 2200277 450 | |
| 001 | 1241043875 | |
| 005 | 20121005113035.32 | |
| 010 | @a7-01-003382-X@dCNY22.00 | |
| 100 | @a20011025d2001 emky0chiy0110 ea | |
| 101 | 0 | @achi |
| 102 | @aCN@b110000 | |
| 105 | @ay z 000yy | |
| 106 | @ar | |
| 200 | 1 | @a百年之结@Abai nian zhi jie@e美国与中国台湾地区关系的历史透视@f肖元恺著 |
| 210 | @a北京@c人民出版社@d2001 | |
| 215 | @a394页@d20cm | |
| 330 | @a本书分析了美国与中国台湾地区关系,包括美国早期对台湾的“关注”、美国对华政策的历史把握、从美蒋到美台的转折、肯尼迪政府的对台政策、新世纪的瞻望等22章内容。 | |
| 517 | 1 | @a美国与中国台湾地区关系的历史透视@Amei guo yu zhong guo tai wan di qu guan xi de li shi tou shi |
| 606 | 0 | @a中美关系@x台湾问题@x研究 |
| 606 | 0 | @a中美关系 |
| 606 | 0 | @a台湾问题 |
| 606 | 0 | @a外交@x中国 |
| 690 | @aD827@v4 | |
| 701 | 0 | @a肖元恺@Axiao yuan kai@4著 |
| 801 | 0 | @aCN@bNLC@c20011031 |
| 905 | @a10447@dD827@eJY57 | |
| 百年之结:美国与中国台湾地区关系的历史透视/肖元恺著 .-北京:人民出版社,2001 |
| 394页;20cm |
| ISBN 7-01-003382-X:CNY22.00 |
| 本书分析了美国与中国台湾地区关系,包括美国早期对台湾的“关注”、美国对华政策的历史把握、从美蒋到美台的转折、肯尼迪政府的对台政策、新世纪的瞻望等22章内容。 |
| ● |
| 相关链接 |
|
|
|
|
正题名:百年之结
索取号:D827/JY57
 
预约/预借
| 序号 | 登录号 | 条形码 | 馆藏地/架位号 | 状态 | 备注 |
| 1 | 7812670 | 278126706 | 学院路分馆/ [索取号:D827/JY57] | 在馆 | |
| 2 | 7812671 | 278126715 | 学院路分馆/ [索取号:D827/JY57] | 在馆 |